| 000 | nam a22 a 4500 | ||
|---|---|---|---|
| 999 |
_c548 _d548 |
||
| 001 | vtls000569103 | ||
| 003 | PNM | ||
| 005 | 20170504110800.0 | ||
| 008 | 090507t1998 nyu e 001 0 eng d | ||
| 020 |
_a9780553840230 (;bk.) : _cRM34.90 |
||
| 040 | _aAKMAL | ||
| 082 | 4 |
_a155.2 GOL _222 |
|
| 090 | 2 | 0 |
_a155.2 _bGOL |
| 100 | 1 |
_aGoleman, Daniel _91221 |
|
| 245 | 1 | 0 |
_aWorking with emotional intelligence / _cDaniel Goleman |
| 260 |
_aNew York : _bBantam Book, _cc1998 |
||
| 300 |
_axii,464p. ; _c18cm. |
||
| 650 | 1 | 0 |
_aExecutive ability _91222 |
| 650 | 2 | 0 |
_aManagement _vPsychological aspects _91223 |
| 650 | 2 | 0 |
_aEmotional intelligence _91040 |
| 942 |
_2ddc _cBOOK |
||